Salta al contenuto

Наноминеральный комплекс для лечения и профилактики анемии поросят-сосунов монография

В монографии представлены материалы исследований по изучению биологической роли наночастиц эссенциальных микроэлементов в организме животных. Предложена и разработана инъекционная форма наноминерального комплекса на основе наночастиц железа, цинка и меди. Приведены фармакологические свойства нового...

Descrizione completa

Salvato in:
Dettagli Bibliografici
Autore principale: Андреева Е. Ю.
Altri autori: Родионова Т. Н.
Natura: Книга
Lingua:Russian
Pubblicazione: Санкт-Петербург Лань 2022
Edizione:2-е изд., стер.
Soggetti:
Accesso online:https://e.lanbook.com/book/203003
https://e.lanbook.com/img/cover/book/203003.jpg
Tags: Aggiungi Tag
Nessun Tag, puoi essere il primo ad aggiungerne! !
LEADER 03823nam0a2200337 i 4500
001 203003
003 RuSpLAN
005 20221220174144.0
008 221220s2022 ru gs 000 0 rus
020 |a 978-5-507-44058-0 
040 |a RuSpLAN 
041 0 |a rus 
044 |a ru 
080 |a 636.087.8 
084 |a 48.5я73  |2 rubbk 
245 0 0 |a Наноминеральный комплекс для лечения и профилактики анемии поросят-сосунов  |b монография  |c Андреева Е. Ю.,Родионова Т. Н. 
250 |a 2-е изд., стер. 
260 |a Санкт-Петербург  |b Лань  |c 2022 
300 |a 120 с. 
504 |a Библиогр.: доступна в карточке книги, на сайте ЭБС Лань 
520 8 |a В монографии представлены материалы исследований по изучению биологической роли наночастиц эссенциальных микроэлементов в организме животных. Предложена и разработана инъекционная форма наноминерального комплекса на основе наночастиц железа, цинка и меди. Приведены фармакологические свойства нового наноминерального комплекса, основной функцией которого является лечение и профилактика железодефицитной анемии поросят-сосунов. В первой ее части описана фармакодинамика препарата, его влияние на показатели обмена веществ лабораторных животных. Раскрыты его токсикологические свойства, фармакокинетика. Во второй части монографии приведены закономерности профилактического и стимулирующего влияния наноминерального комплекса на организм лабораторных и сельскохозяйственных животных, а также его экономическая эффективность. Материалы монографии вызовут несомненный интерес у ветеринарных и зооинженерных специалистов, аспирантов и студентов, занимающихся как практической деятельностью, так и изучением роли наночастиц микроэлементов в организме животных. Более того, данные, представленные в монографии, можно использовать как учебное пособие для студентов и аспирантов по ветеринарной фармакологии и токсикологии, а также при чтении лекций по соответствующим дисциплинам. 
521 8 |a Книга из коллекции Лань - Ветеринария и сельское хозяйство 
653 0 |a анемия поросят-сосунов 
653 0 |a нанотехнологии в ветеринарии 
653 0 |a железосодержащие препараты 
653 0 |a наноминеральный комплекс 
100 1 |a Андреева Е. Ю. 
700 1 |a Родионова Т. Н. 
856 4 |u https://e.lanbook.com/book/203003 
856 4 8 |u https://e.lanbook.com/img/cover/book/203003.jpg 
953 |a https://e.lanbook.com/img/cover/book/203003.jpg